| 000 | 00713nam a2200181Ia 4500 | ||
|---|---|---|---|
| 008 | 090124s9999 xx 000 0 und d | ||
| 082 |
_b20356 _a2339 |
||
| 100 | _aआंबेडकर भी.रा. | ||
| 245 | _a हिंदु स्त्रियांची उन्नती आणि अवनती | ||
| 250 | _a1 | ||
| 260 | _c1974 | ||
| 300 | _a127 | ||
| 600 | _aआंबेडकर भी.रा. | ||
| 630 | _a हिंदु स्त्रियांची उन्नती आणि अवनती | ||
| 700 | _aआंबेडकर भी.रा. | ||
| 730 | _a हिंदु स्त्रियांची उन्नती आणि अवनती | ||
| 942 | _cBOOK | ||
| 999 |
_c134162 _d134162 |
||